000 00411 a2200145 4500
999 _c3907
_d3907
020 _a9780333750155
050 _aLB 15585 P T42
100 _aPeacock, Alan
_eAuthor
245 _aTeaching primary science /
_cAlan Peacock
264 _aOxford:
_bMacmillan Education,
_c2003
300 _avii, 112p. :
_bill.
500 _aIncludes index
650 _aTeaching
_xPrimary science
942 _2lcc
_cBK
_h1585.5
_iPEA
_kLB